000
00298nam a22001457a 4500
020
_a
81-85614-41-5
041
_a
ENG
100
_a
Parkinson .A.C
245
_a
Engineeting Drawing
250
_a
Metric ED
260
_a
Delhi
_b
Wheeler PUB
_c
1999
300
_a
235
650
_a
FMP
856
_u
FMP
999
_c
367
_d
367